Vista normal
Vista MARC
Entrada Personal Name
Número de registros utilizados en: 1
001 - CONTROL NUMBER
- control field: 7518
003 - CONTROL NUMBER IDENTIFIER
- control field: DLC
005 - DATE AND TIME OF LATEST TRANSACTION
- control field: 20211208123351.0
008 - FIXED-LENGTH DATA ELEMENTS
- fixed length control field: 800613n| azannaabn |a aaa
010 ## - LIBRARY OF CONGRESS CONTROL NUMBER
- LC control number: 50021473
035 ## - SYSTEM CONTROL NUMBER
- System control number: (OCoLC)oca00056896
040 ## - CATALOGING SOURCE
- Original cataloging agency: DLC
- Language of cataloging: spa
- Description conventions: rda
- Transcribing agency: Mx-PuUPA
- Modifying agency: OCoLC
- Modifying agency: ICU
- Modifying agency: Mx-PuUPA
046 ## - SPECIAL CODED DATES
- Birth date: 1866
- Death date: 1951
100 1# - HEADING--PERSONAL NAME
- Personal name: Altamira, Rafael,
- Dates associated with a name: 1866-1951
374 ## - OCCUPATION
- Occupation: Autor
375 ## - GENDER
- Gender: hombre
377 ## - ASSOCIATED LANGUAGE
- Language code: spa
400 1# - SEE FROM TRACING--PERSONAL NAME
- Personal name: Altamira y Crevea, Rafael,
- Dates associated with a name: 1866-1951
- Control subfield: nna
400 1# - SEE FROM TRACING--PERSONAL NAME
- Personal name: Crevea, Rafael Altamira y,
- Dates associated with a name: 1866-1951
670 ## - SOURCE DATA FOUND
- Source citation: Biblioteca del Congreso (Estados Unidos), 16 junio 2018 :
- Information found: catálogo electrónico
- Uniform Resource Identifier: https://goo.gl/QSPQx7
670 ## - SOURCE DATA FOUND
- Source citation: Diccionario castellano de palabras jurídicas y técnicas tomadas de la legislación indiana, 1987:
- Information found: portada (Rafael Altamira y Crevea)